Квиз о Оману - Statistics

General Stats
  • This quiz has been taken 62 times
  • The average score is 14 of 24
Answer Stats
Опис Одговор % Correct
Званичан језик Арапски
96%
Државе са којима се граничи Јемен
96%
Државе са којима се граничи Саудијска Арабија
96%
Државна религија Ибадизам (Ислам)
94%
Државе са којима се граничи Уједињени Арапски Емирати
94%
Држава од које је добила независност 1951. Уједињено Краљевство
83%
Најважнија извозна сировина Нафта
83%
Мора и заливи на које излази Оман {Персијски} залив
81%
Главни град Маскат
79%
Наводно, ово воће потиче из Омана Мушкатни {орашчић}
73%
Титула оманског монарха Султан
67%
Државна валута Ријал
60%
У Оману живи преко 465,500 држављана ове земље Индија
60%
Оман је предзадња држава у свету која је укинула ову праксу 1970. Ропство
58%
Национална птица Соко
48%
"Ханџар" који се појављује на застави је ова врста оружја Бодеж
42%
Мора и заливи на које излази Оман {Омански} залив
33%
Мора и заливи на које излази Оман {Арабијско} море
29%
Мореуз између Ирана и Омана {Ормуски} мореуз
25%
Афричко острво које је некад било главни град Омана Занзибар
25%
Оман чини 17% светске производње ове смоле, које се користи у индустрији парфема и у религиозне сврхе Тамјан
23%
Од 16. века до 1650. године, главним градом је управљала ова држава Португал
8%
Владар Омана, 1970-2020 Кабус
4%
Именуј било који од два највећа града након престонице Сиб | Салала
2%
No matching quizzes found
Score Distribution
Percent of People with Each Score
Percentile by Number Answered
Your Score History
You have not taken this quiz